The Filipino family surviving the world : (Record no. 292154)
[ view plain ]
| 000 -LEADER | |
|---|---|
| fixed length control field | 00679nam a2200241Ia 4500 |
| 008 - FIXED-LENGTH DATA ELEMENTS--GENERAL INFORMATION | |
| fixed length control field | 160319s9999 xx 000 0 und d |
| 020 ## - INTERNATIONAL STANDARD BOOK NUMBER | |
| International Standard Book Number | 9789712721182 |
| 050 ## - LIBRARY OF CONGRESS CALL NUMBER | |
| Classification number | 646.78 |
| 050 ## - LIBRARY OF CONGRESS CALL NUMBER | |
| Item number | C216f 2008 |
| 100 ## - MAIN ENTRY--PERSONAL NAME | |
| Personal name | Carandang, Ma. Lourdes A. |
| 245 ## - TITLE STATEMENT | |
| Title | The Filipino family surviving the world : |
| 245 ## - TITLE STATEMENT | |
| Remainder of title | psychological essays on the family / |
| 245 ## - TITLE STATEMENT | |
| Statement of responsibility, etc | Ma. Lourdes A. Carandang. |
| 260 ## - PUBLICATION, DISTRIBUTION, ETC. (IMPRINT) | |
| Place of publication, distribution, etc | Manila : |
| 260 ## - PUBLICATION, DISTRIBUTION, ETC. (IMPRINT) | |
| Name of publisher, distributor, etc | Anvil, |
| 260 ## - PUBLICATION, DISTRIBUTION, ETC. (IMPRINT) | |
| Date of publication, distribution, etc | 2008 |
| 300 ## - PHYSICAL DESCRIPTION | |
| Extent | x, 124 pages : |
| 300 ## - PHYSICAL DESCRIPTION | |
| Other physical details | illustrations ; |
| 300 ## - PHYSICAL DESCRIPTION | |
| Dimensions | 23 cm. |
| 650 ## - SUBJECT ADDED ENTRY--TOPICAL TERM | |
| Topical term or geographic name as entry element | Family -- Philippines. |
| 650 ## - SUBJECT ADDED ENTRY--TOPICAL TERM | |
| Topical term or geographic name as entry element | Family -- Sociological aspects. |
| 700 ## - ADDED ENTRY--PERSONAL NAME | |
| Personal name | Chua, Queena N. Lee., author |
| Withdrawn status | Lost status | Damaged status | Home library | Current library | Shelving location | Date acquired | Total Checkouts | Full call number | Barcode | Date last seen | Price effective from | Koha item type |
|---|---|---|---|---|---|---|---|---|---|---|---|---|
| Stonyhurst Southville International School (Batangas) | Stonyhurst Southville International School (Batangas) | Filipiniana Section | 03/19/2016 | Fil 646.78 C216f 2008 | US 1432 | 03/19/2016 | 03/19/2016 | Books |